Musical interludes in Boston, 1795-1830 /

Bibliographic Details
Main Author: Johnson, H. Earle (Harold Earle), 1903-1988
Format: Book
Language:English
Published: New York : Columbia university press, 1943.
Series:Columbia University studies in musicology ; no. 5.
Subjects:

MARC

Tag First Indicator Second Indicator Subfields
LEADER 00000cam a2200000 4500
001 in00000029335
005 20151007061457.0
008 720926s1943 nyubc 000 0 eng u
010 |a  43011010  
035 |a (OCoLC)00414866 
035 |9 AAD2201AM 
040 |c OUN  |d TXA  |d UtOrBLW 
049 |a TXAM  |c [230273] 
050 0 |a ML200.8.B7  |b J6 
082 0 |a 780.9744 
092 |a 780.9744  |b J67m 
100 1 |a Johnson, H. Earle  |q (Harold Earle),  |d 1903-1988. 
245 1 0 |a Musical interludes in Boston, 1795-1830 /  |c by H. Earle Johnson. 
264 1 |a New York :  |b Columbia university press,  |c 1943. 
300 |a xv pages, 2 ., [3]-366 pages :  |b frontispiece, portraits, map. ;  |c 25 cm. 
336 |a text  |b txt  |2 rdacontent 
337 |a unmediated  |b n  |2 rdamedia 
338 |a volume  |b nc  |2 rdacarrier 
490 1 |a Columbia university. Studies in musicology,  |v no. 5 
500 |a "The Sonneck memorial fund in the Library of Congress, through an award in 1942, and the American council of learned societies have ... contributed funds to assist in the publication of this volume." 
500 |a "Von Hagen publications": pages [299]-303. "Catalogue of Graupner publications": pages [305]-337. "Lesser publishers in Boston": pages [338]-342. "Complete list of musical works for which copyright was granted by the clerk of the District court, Boston, between January 1, 1791, and September 1, 1827": pages 343]-349. 
536 |a From the Howard Mayer Brown, Edward Downes and Mary Schieffelin book collections, October 2004. 
650 0 |a Music  |z Massachusetts  |z Boston. 
650 0 |a Music  |z United States  |x History and criticism. 
830 0 |a Columbia University studies in musicology ;  |v no. 5. 
999 |a MARS 
999 f f |s c6fe6923-301c-305e-a064-5e3bb578511b  |i 5acb3cad-823d-3346-bd4f-ee28a748a7d2  |t 0 
952 f f |p storage  |a Texas A&M University  |b J.J. Pickle Campus  |c High Density Repository  |d Remote Storage  |t 0  |e ML200.8.B7 J6  |h Library of Congress classification  |i unmediated -- volume  |m A14831673744 
952 f f |p ric  |a Texas A&M University  |b Rellis Campus  |c Joint Library Facility  |d Remote Storage  |t 0  |e ML200.8.B7 J6  |h Library of Congress classification  |i unmediated -- volume  |m A14801169236 
998 f f |a ML200.8.B7 J6  |t 0  |l Remote Storage 
998 f f |a ML200.8.B7 J6  |t 0  |l Remote Storage